000 00414nam a2200169Ia 4500
003 GCL
008 140319s9999 xx 000 0 eng d
040 _aGCL /
_cGCL
082 0 4 _a184
_bR P
100 1 _aROWE, C. J.
245 1 0 _aPIATO PHAEDO /
_cROWE, C. J.
260 _a[S.N] :
_bCAMBRIBGE UNIVERSITY PRESS ،
_c1993
300 _a300 P
650 0 4 _aIMMORTALITY
650 0 4 _aPHILOSOPHY
942 _2ddc
_cBK
999 _c24177
_d24177